L' époque de la réforme et du Concile de Trente
| Authors: | ; ; |
|---|---|
| Format: | Print Book |
| Language: | French |
| Subito Delivery Service: | Order now. |
| Check availability: | HBZ Gateway |
| WorldCat: | WorldCat |
| Interlibrary Loan: | Interlibrary Loan for the Fachinformationsdienste (Specialized Information Services in Germany) |
| Published: |
Paris
Cujas
1990
|
| In: |
Histoire du droit et des institutions de l'Eglise en Occident (14)
Year: 1990 |
| Series/Journal: | Histoire du droit et des institutions de l'Eglise en Occident
14 |
| Further subjects: | B
Tridentinum (1545-1563) Trent
B Laterankonzil 5. (1512-1517) Vatican Palace B History 1500-1600 B Council |
MARC
| LEADER | 00000cam a2200000 cb4500 | ||
|---|---|---|---|
| 001 | 1091104611 | ||
| 003 | DE-627 | ||
| 005 | 20251224220351.0 | ||
| 007 | tu | ||
| 008 | 900724s1990 xx ||||| 00| ||fre c | ||
| 020 | |z 2254900614 | ||
| 035 | |a (DE-627)1091104611 | ||
| 035 | |a (DE-576)021104611 | ||
| 035 | |a (DE-599)BSZ021104611 | ||
| 035 | |a (OCoLC)22688422 | ||
| 040 | |a DE-627 |b ger |c DE-627 |e rakwb | ||
| 041 | |a fre | ||
| 082 | 0 | |a 262.909031 | |
| 084 | |a 1 |2 ssgn | ||
| 100 | 1 | |0 (DE-588)112788994X |0 (DE-627)882313789 |0 (DE-576)485646463 |4 aut |a Bernhard, Jean |d 1914-2006 | |
| 109 | |a Bernhard, Jean 1914-2006 | ||
| 245 | 1 | 3 | |a L' époque de la réforme et du Concile de Trente |c par Jean Bernhard; Charles Lefebvre; Francis Rapp |
| 264 | 1 | |a Paris |b Cujas |c 1990 | |
| 300 | |a 447 S. | ||
| 336 | |a Text |b txt |2 rdacontent | ||
| 337 | |a ohne Hilfsmittel zu benutzen |b n |2 rdamedia | ||
| 338 | |a Band |b nc |2 rdacarrier | ||
| 490 | 1 | |a Histoire du droit et des institutions de l'église en Occident / publ. sous la dir. de Gabriel Le Bras ... |v 14 | |
| 583 | 1 | |a Archivierung/Langzeitarchivierung gewährleistet |f SSG |x XA-DE-BW |2 pdager |5 DE-21 | |
| 611 | 2 | 7 | |0 (DE-588)1128101998 |0 (DE-627)882386921 |0 (DE-576)485692988 |a Laterankonzil |n 5. |d 1512-1517 |c Rom |2 gnd |
| 611 | 2 | 7 | |0 (DE-588)4121788-3 |0 (DE-627)105767077 |0 (DE-576)209546158 |a Tridentinum |d 1545-1563 |c Trient |2 gnd |
| 648 | 7 | |a Geschichte 1500-1600 |2 gnd | |
| 650 | 0 | 7 | |0 (DE-588)4032368-7 |0 (DE-627)104360089 |0 (DE-576)208996524 |a Konzil |2 gnd |
| 700 | 1 | |8 1\p |0 (DE-588)1206300205 |0 (DE-627)1692297619 |4 aut |a Lefebvre, Charles |d 1904-1989 | |
| 700 | 1 | |0 (DE-588)119460483 |0 (DE-627)080274897 |0 (DE-576)16265944X |4 aut |a Rapp, Francis |d 1926-2020 | |
| 830 | 0 | |a Histoire du droit et des institutions de l'Eglise en Occident |v 14 |9 14 |w (DE-627)1077476493 |w (DE-576)007476493 |7 am | |
| 883 | |8 1\p |a cgwrk |d 20241001 |q DE-101 |u https://d-nb.info/provenance/plan#cgwrk | ||
| 889 | |w (DE-576)483974242 | ||
| 935 | |a mteo | ||
| 951 | |a MV | ||
| CAN | |a 1 | ||
| ELC | |b 1 | ||
| ITA | |a 1 |t 1 | ||
| LOK | |0 000 xxxxxcx a22 zn 4500 | ||
| LOK | |0 001 2148121502 | ||
| LOK | |0 003 DE-627 | ||
| LOK | |0 004 1091104611 | ||
| LOK | |0 005 20091120190454 | ||
| LOK | |0 008 901022||||||||||||||||ger||||||| | ||
| LOK | |0 040 |a DE-21 |c DE-627 |d DE-21 | ||
| LOK | |0 852 |a DE-21 | ||
| LOK | |0 852 1 |c Hf 1812-14 |9 00 | ||
| LOK | |0 935 |a theo |a sepp | ||
| LOK | |0 936ln |a t3.3 | ||
| LOK | |0 939 |a 22-10-90 |b l01 | ||
| LOK | |0 000 xxxxxcx a22 zn 4500 | ||
| LOK | |0 001 2148121510 | ||
| LOK | |0 003 DE-627 | ||
| LOK | |0 004 1091104611 | ||
| LOK | |0 005 20100521150904 | ||
| LOK | |0 008 951211||||||||||||||||ger||||||| | ||
| LOK | |0 040 |a DE-21-24 |c DE-627 |d DE-21-24 | ||
| LOK | |0 541 |e 91/1963 | ||
| LOK | |0 689 |a s |a Kirchenrecht (katholisches: 16. Jh.) | ||
| LOK | |0 689 |a s |a Kirchengeschichte (katholische: 16. Jh.) | ||
| LOK | |0 689 |a s |a Konzil von Trient | ||
| LOK | |0 852 |a DE-21-24 | ||
| LOK | |0 852 1 |c S,VIa,286/14 |m p |9 00 | ||
| LOK | |0 936ln |a S,VIa, | ||
| LOK | |0 938 |k p | ||
| LOK | |0 939 |a 11-12-95 |b l01 | ||
| ORI | |a SA-MARC-ixtheoa001.raw | ||
| REF | |a Konziliengeschichte | ||
| STA | 0 | 0 | |a Council,Councils and synods |
| STB | 0 | 0 | |a Concile,Concile |
| STC | 0 | 0 | |a Concilio,Concilio,Concilios y sínodos diocesanos |
| STD | 0 | 0 | |a Concilio,Concilio |
| STE | 0 | 0 | |a 大公会议,大公会议 |
| STF | 0 | 0 | |a 大公會議,大公會議 |
| STG | 0 | 0 | |a Concílio,Concílio |
| STH | 0 | 0 | |a Церковный собор (мотив),Церковный собор |
| STI | 0 | 0 | |a Συμβούλιο (μοτίβο),Συμβούλιο |
| SUB | |a CAN | ||
| SYC | 0 | 0 | |a Lateranum,5.,1512-1517,Rom,Concilium Lateranense,5.,1512-1517,Rom,Konzil im Lateran,5.,1512-1517,Rom,Council of the Lateran,5.,1512-1517,Rom,Fünftes Laterankonzil,5. Konzil im Lateran,5. Laterankonzil,Lateranum V,V. Lateranconcil,Concilium Lateranense Quintum,Fifth Council of the Lateran,Concilio Lateranense V , Concilium Tridentinum,1545-1563,Trient,Trienter Konzil,1545-1563,Trient,Tridentinisches Konzil,1545-1563,Trient,Konzil von Trient,1545-1563,Trient,Concil von Trient,1545-1563,Trient,Concilio Tridentino,1545-1563,Trient,Trenton Kirkolliskokous,1545-1563,Trient,Trenton Konsiili,1545-1563,Trient,Konzil,1545-1563,Trient,Concili,1545-1563,Trient,Concilie,1545-1563,Trient,Concile,1545-1563,Trient,Konsiili,1545-1563,Trient,Kirkolliskokous,1545-1563,Trient,Ecclesia Catholica,1545-1563,Trient,Katholische Kirche,1545-1563,Trient,Council of Trent,1545-1563,Trient |
| SYE | 0 | 0 | |a Allgemeines Konzil,Ökumenisches Konzil,Konzilien |